书目信息 |
| 题名: |
消费空间视觉设计中的修辞研究
|
|
| 作者: | 李玉波 著 | |
| 分册: | ||
| 出版信息: | 南京 江苏凤凰美术出版社 2021.12 |
|
| 页数: | 241页 | |
| 开本: | 23cm | |
| 丛书名: | ||
| 单 册: | ||
| 中图分类: | J062 | |
| 科图分类: | ||
| 主题词: | 视觉设计--shi jue she ji--研究 | |
| 电子资源: | ||
| ISBN: | 978-7-5580-9589-4 | |
| 000 | 01239nam0 2200253 450 | |
| 001 | 27370 | |
| 005 | 20220921134139.90 | |
| 010 | @a978-7-5580-9589-4@dCNY78.00 | |
| 100 | @a20220313d2021 em y0chiy50 ea | |
| 101 | 0 | @achi |
| 102 | @aCN@b320000 | |
| 105 | @aa a 000yy | |
| 200 | 1 | @a消费空间视觉设计中的修辞研究@Axiao fei kong jian shi jue she ji zhong de xiu ci yan jiu@d= Research on rhetoric in visual design of consumption space@f李玉波著@zeng |
| 210 | @a南京@c江苏凤凰美术出版社@d2021.12 | |
| 215 | @a241页@c图@d23cm | |
| 314 | @a李玉波, 江南大学设计学硕士, 同济大学景观学博士, 研究方向为视觉设计与视觉文化, 从事设计多年。 | |
| 320 | @a有书目 (第233-241页) | |
| 330 | @a本书通过考察和对比西方和中国的古典修辞理论的历史与现代修辞学理论的现状和发展趋势, 指出在跨学科、跨媒介的时代背景下, 从修辞学的角度深入研究视觉设计理论的必要性和必然性。通过对消费空间的概念、类型、特征以及分类的分析论述, 总结当下消费空间风格化、主题化、视觉化、情感化、剧场化、体验化的符号消费特征。 | |
| 510 | 1 | @aResearch on rhetoric in visual design of consumption space@zeng |
| 606 | 0 | @a视觉设计@Ashi jue she ji@x研究 |
| 690 | @aJ062@v5 | |
| 701 | 0 | @a李玉波@Ali yu bo@4著 |
| 801 | 0 | @aCN@c20220910 |
| 905 | @a河南城建学院图书馆@dJ062@eL320@f2 | |
| 消费空间视觉设计中的修辞研究= Research on rhetoric in visual design of consumption space/李玉波著.-南京:江苏凤凰美术出版社,2021.12 |
| 241页:图;23cm |
| ISBN 978-7-5580-9589-4:CNY78.00 |
| 本书通过考察和对比西方和中国的古典修辞理论的历史与现代修辞学理论的现状和发展趋势, 指出在跨学科、跨媒介的时代背景下, 从修辞学的角度深入研究视觉设计理论的必要性和必然性。通过对消费空间的概念、类型、特征以及分类的分析论述, 总结当下消费空间风格化、主题化、视觉化、情感化、剧场化、体验化的符号消费特征。 |
| ● |
| 相关链接 |
|
|
|
正题名:消费空间视觉设计中的修辞研究
索取号:J062/L320
 
预约/预借
| 序号 | 登录号 | 条形码 | 馆藏地/架位号 | 状态 | 备注 |
| 1 | 1579397 | 215793979 | 社科库309/309社科库 64排1列2层/ [索取号:J062/L320] | 在馆 | |
| 2 | 1579398 | 215793988 | 社科库309/309社科库 64排1列2层/ [索取号:J062/L320] | 在馆 |